000 02308nam0a2200397 4500
001 RU\NLR\BIBL_A\022432157
005 20250321165931.0
010 _a978-5-00244-167-9
_9200
021 _aRU
_bКН-П-24-074719
_9КН-П-24-7468
035 _a(NLR Aleph) 022432157
090 _a13345520
_c13345520
100 _a20250122d2024 u y0rusy50 ca
101 0 _arus
102 _aRU
105 _aac j 000zy
181 0 _ai3
_baxxe
182 0 _an
200 1 _aДоступная экспозиция
_eметодическое пособие по организации и проведению авторских экскурсий для незрячих и слабовидящих посетителей в музее
_f[Государственный академический центральный театр кукол С. В. Образцова]
_gавтор идеи: Варвара Коровина
_gавтор-составитель: Людмила Лабозина
_gредактор: Рида Буранова
203 _aТекст
_bвизуальный
_cнепосредственный
210 _aМосква
_cПеро
_d2024
215 _a43 с.
_cцв. ил., табл.
_d21
300 _aКн. содержит QR-коды со ссылками на доп. материалы
320 _aБиблиогр.: с. 42 и в подстроч. примеч.
606 1 _aДети с нарушением зрения
_xРеабилитация социокультурная
_jМетодические пособия
_2nlr_sh2
_3RU\NLR\AUTH\6601752890
606 1 _aМузеи
_xРабота с лицами с нарушением зрения
_jМетодические пособия
_2nlr_sh2
_3RU\NLR\AUTH\6601703249
686 1 _aЧ771.34я8
686 1 _aЧ433.122.103я8
702 1 _aКоровина
_bВ.
_gВарвара
_4245
702 1 _aЛабозина
_bЛ.
_gЛюдмила
_4220
702 1 _aБуранова
_bР.
_gРида
_4340
712 0 2 _aГосударственный академический центральный театр кукол им. С. В. Образцова
_cМосква
_3RU\NLR\AUTH\880425405
_4570
942 _cBOOK
980 _aNB